书目信息 |
| 题名: |
笙乐器的发展与应用研究
|
|
| 作者: | 田野 著 | |
| 分册: | ||
| 出版信息: | 北京 北京工业大学出版社 2021.4 |
|
| 页数: | 204页 | |
| 开本: | 25cm | |
| 丛书名: | ||
| 单 册: | ||
| 中图分类: | J632.121 | |
| 科图分类: | ||
| 主题词: | 笙--管乐--研究--中国 | |
| 电子资源: | ||
| ISBN: | 978-7-5639-7105-3 | |
| 000 | 00869nam0 2200229 45 | |
| 001 | 012001000638 | |
| 005 | 20130909113334.0 | |
| 010 | @a978-7-5639-7105-3@dCNY66.00 | |
| 100 | @a20200806d2019 em y0chiy0110 ea | |
| 101 | 0 | @achi |
| 102 | @aCN@b110000 | |
| 105 | @aag z 000yy | |
| 106 | @ar | |
| 200 | 1 | @a笙乐器的发展与应用研究@Asheng yue qi de fa zhan yu ying yong yan jiu@f田野著 |
| 210 | @a北京@c北京工业大学出版社@d2021.4 | |
| 215 | @a204页@c图@d25cm | |
| 330 | @a本书共九章,内容包括:传统笙的发展与改良、传统笙的演奏基础与主要技巧、现代笙的发展与演奏技巧练习、高音键笙的演奏技术、中音键笙的演奏技术、低音键笙的演奏技术、笙的维修、笙在乐团(队)中的应用、中国著名笙乐演奏艺术家与笙曲赏析。 | |
| 606 | 0 | @a笙@x管乐@x研究@y中国 |
| 690 | @aJ632.121@v5 | |
| 701 | 0 | @a田野@Atian ye@4著 |
| 801 | @aCN@b江苏凤凰@c20211018 | |
| 905 | @b1340440-3@dJ632.121@e180@f4 | |
| 笙乐器的发展与应用研究/田野著.-北京:北京工业大学出版社,2021.4 |
| 204页:图;25cm |
| ISBN 978-7-5639-7105-3:CNY66.00 |
| 本书共九章,内容包括:传统笙的发展与改良、传统笙的演奏基础与主要技巧、现代笙的发展与演奏技巧练习、高音键笙的演奏技术、中音键笙的演奏技术、低音键笙的演奏技术、笙的维修、笙在乐团(队)中的应用、中国著名笙乐演奏艺术家与笙曲赏析。 |
| ● |
| 相关链接 |
|
|
|
|
正题名:笙乐器的发展与应用研究
索取号:J632.121/180
 
预约/预借
| 序号 | 登录号 | 条形码 | 馆藏地/架位号 | 状态 | 备注 |
| 1 | 1340440 | 213404403 | 第一样本阅览室/ [索取号:J632.121/180] | 在馆 | |
| 2 | 1340441 | 213404412 | 第一借阅区/ [索取号:J632.121/180] | 在馆 | |
| 3 | 1340442 | 213404421 | 第一借阅区/ [索取号:J632.121/180] | 在馆 | |
| 4 | 1340443 | 213404430 | 第一借阅区/ [索取号:J632.121/180] | 在馆 |